00294nam a2200121Ia 4500008004100000100002300041245002400064260003200088300000800120650002000128942000700148999001700155190216s9999||||xx |||||||||||||| ||und|| aPindani N B Pillai 0aKaliman Prathimakal bPoorna Pubs Kozhikodec1994 a38p aMalayalam Novel cBK c27231d27231